[Event "Arab Games rapid (Women)"]
[Site "Doha"]
[Date "2011.12.12"]
[Round "8"]
[White "Ibraheem, Delbak Ismael"]
[Black "Jalloul, Maya M"]
[Result "1-0"]
[WhiteElo "1919"]
[BlackElo "1920"]
[PlyCount "115"]
[EventDate "2011.12.11"]
[EventType "swiss (rapid)"]
[EventRounds "9"]
[EventCountry "QAT"]
[SourceTitle "CBM 145 Extra"]
[Source "ChessBase"]
[SourceDate "2012.01.03"]
[SourceVersion "1"]
[SourceVersionDate "2012.01.03"]
[SourceQuality "1"]

1. e4 c5 2. Nf3 d6 3. d4 Nf6 4. Nc3 cxd4 5. Nxd4 a6 6. Be2 e5 7. Nf3 Be7 8. 0-0 0-0 9. Bg5 Nbd7 10. Qd2 b5 11. Bxf6 Nxf6 12. a3 Bb7 13. Bd3 Rc8 14. Qe2 Re8 15. Rfd1 Bf8 16. Nd2 Nd7 17. Nd5 Nc5 18. Nb3 Nxd3 19. Rxd3 Rc4 20. Rad1 Qh4 21. f3 Qd8 22. Ne3 Qb6 23. Kh1 Rc7 24. Nf5 Re6 25. Qd2 Rc6 26. Na5 Rc8 27. Nxb7 Qxb7 28. Nxd6 Bxd6 29. Rxd6 Rxd6 30. Qxd6 f6 31. Qe6+ Kh8 32. Rd7 Qa8 33. Qe7 Rg8 34. h4 Qc8 35. Rc7 Qd8 36. Qd7 Qxd7 37. Rxd7 h6 38. Rd6 Rc8 39. c3 a5 40. Rb6 Rc5 41. Kg1 a4 42. Kf2 Kg8 43. Ke3 Kf7 44. Kd3 Kg6 45. Rd6 Kf7 46. Rd5 Rxd5+ 47. exd5 Ke7 48. c4 bxc4+ 49. Kxc4 Kd6 50. Kb4 Kxd5 51. Kxa4 f5 52. Kb3 e4 53. fxe4+ fxe4 54. Kc3 Kc5 55. b4+ Kd5 56. b5 Kc5 57. a4 Kb6 58. Kd4 1-0

[Event "Arab Games rapid (Women)"]
[Site "Doha"]
[Date "2011.12.12"]
[Round "7"]
[White "Mezioud, Amina"]
[Black "Ibraheem, Delbak Ismael"]
[Result "1-0"]
[WhiteElo "2065"]
[BlackElo "1919"]
[PlyCount "71"]
[EventDate "2011.12.11"]
[EventType "swiss (rapid)"]
[EventRounds "9"]
[EventCountry "QAT"]
[SourceTitle "CBM 145 Extra"]
[Source "ChessBase"]
[SourceDate "2012.01.03"]
[SourceVersion "1"]
[SourceVersionDate "2012.01.03"]
[SourceQuality "1"]

1. e4 c5 2. c3 Nf6 3. e5 Nd5 4. d4 cxd4 5. cxd4 Nc6 6. Bc4 Nb6 7. Bb3 d6 8. exd6 Qxd6 9. Nf3 Bf5 10. Nc3 a6 11. 0-0 e6 12. Be3 Be7 13. d5 Nxd5 14. Bxd5 exd5 15. Nxd5 0-0 16. Nxe7+ Qxe7 17. Bg5 Qb4 18. Qc1 Rac8 19. Bd2 Qb6 20. Bc3 Rfe8 21. Qg5 Bg6 22. Nh4 h6 23. Qg3 Qc7 24. f4 Qb6+ 25. Kh1 Qe3 26. Qg4 h5 27. Qg5 Qe7 28. Qg3 Qe3 29. Rf3 Qe4 30. f5 Nd4 31. Bxd4 Qxd4 32. fxg6 f6 33. Nf5 Qxb2 34. Raf1 Rc2 35. Qh4 Rxg2 36. Qxh5 1-0

[Event "Arab Games blitz (Women)"]
[Site "Doha"]
[Date "2011.12.10"]
[Round "2"]
[White "Ibraheem, Delbak Ismael"]
[Black "Al Rufaye, Iman Hasan Mohammed"]
[Result "0-1"]
[WhiteElo "1919"]
[BlackElo "2155"]
[PlyCount "92"]
[EventDate "2011.12.10"]
[EventType "swiss (blitz)"]
[EventRounds "9"]
[EventCountry "QAT"]
[SourceTitle "CBM 145 Extra"]
[Source "ChessBase"]
[SourceDate "2012.01.03"]
[SourceVersion "1"]
[SourceVersionDate "2012.01.03"]
[SourceQuality "1"]

1. e4 e5 2. Nf3 Nc6 3. d4 exd4 4. Nxd4 Nf6 5. Nxc6 bxc6 6. e5 Qe7 7. Qe2 Nd5 8. c4 Ba6 9. b3 g6 10. g3 Bg7 11. Bb2 0-0 12. Bg2 Rae8 13. 0-0 Bxe5 14. Bxe5 Qxe5 15. Qxe5 Rxe5 16. cxd5 Bxf1 17. Kxf1 cxd5 18. Nc3 c6 19. Rc1 Rfe8 20. Bf3 f5 21. Na4 R8e7 22. Nc5 g5 23. h3 Kg7 24. Nd3 R5e6 25. Rc5 d4 26. b4 d5 27. b5 cxb5 28. Rxd5 Rb6 29. Rxf5 h6 30. Rd5 Rc7 31. Rxd4 a5 32. h4 gxh4 33. Rxh4 Rc2 34. a4 b4 35. Ne5 b3 36. Bd1 Rc1 37. Ke2 b2 38. Rg4+ Kh7 39. Nd3 Rxd1 40. Kxd1 b1Q+ 41. Ke2 Qc2+ 42. Ke3 Re6+ 43. Re4 Rxe4+ 44. Kxe4 Qxa4+ 45. Ke3 Qb3 46. f4 a4 0-1

[Event "Universiad (Women) 26th"]
[Site "Shenzhen"]
[Date "2011.08.19"]
[Round "8"]
[White "Nouali, Djouher"]
[Black "Ibraheem, Delbak Ismael"]
[Result "1/2-1/2"]
[WhiteElo "1785"]
[BlackElo "1924"]
[PlyCount "61"]
[EventDate "2011.08.15"]
[EventType "swiss"]
[EventRounds "9"]
[EventCountry "CHN"]
[SourceTitle "CBM 143 Extra"]
[Source "ChessBase"]
[SourceDate "2011.08.29"]
[SourceVersion "1"]
[SourceVersionDate "2011.08.29"]
[SourceQuality "1"]

1. c4 g6 2. g3 Bg7 3. Bg2 d6 4. Nc3 c5 5. Nf3 Nc6 6. d3 e6 7. Bg5 Nge7 8. Rb1 h6 9. Bd2 0-0 10. a3 a5 11. 0-0 Rb8 12. Nb5 Nd4 13. Nfxd4 cxd4 14. b4 axb4 15. Bxb4 d5 16. cxd5 exd5 17. Qc2 Be6 18. Qc7 Qxc7 19. Nxc7 Bf6 20. Rfc1 Rfc8 21. Bd6 Nf5 22. Nxe6 Rxc1+ 23. Rxc1 Nxd6 24. Nf4 Ra8 25. Rc7 Rxa3 26. Nxd5 Ra1+ 27. Bf1 Bg7 28. Rd7 Nb5 29. Rxb7 Nc3 30. Rb8+ Kh7 31. Rd8 1/2-1/2

[Event "Universiad (Women) 26th"]
[Site "Shenzhen"]
[Date "2011.08.16"]
[Round "3"]
[White "Drljevic, Ljilja"]
[Black "Ibraheem, Delbak Ismael"]
[Result "0-1"]
[WhiteElo "2286"]
[BlackElo "1924"]
[PlyCount "57"]
[EventDate "2011.08.15"]
[EventType "swiss"]
[EventRounds "9"]
[EventCountry "CHN"]
[SourceTitle "CBM 143 Extra"]
[Source "ChessBase"]
[SourceDate "2011.08.29"]
[SourceVersion "1"]
[SourceVersionDate "2011.08.29"]
[SourceQuality "1"]

1. g3 g6 2. Bg2 Bg7 3. f4 c5 4. Nf3 Nc6 5. 0-0 e6 6. Na3 Nge7 7. c3 0-0 8. h3 d6 9. Kh2 Rb8 10. e4 Kh8 11. d4 cxd4 12. cxd4 Qd7 13. Be3 b5 14. Rc1 a6 15. Qd2 Bb7 16. Nc2 Rbc8 17. Bf2 Rc7 18. Ne3 Rfc8 19. Rcd1 Nd8 20. e5 Nd5 21. Ne1 Nxe3 22. Bxe3 Bxg2 23. Kxg2 d5 24. g4 f5 25. exf6 Bxf6 26. Bf2 Nb7 27. Nd3 Qg7 28. Qe3 Rc2 29. Qxe6 0-1

[Event "Universiad (Women) 26th"]
[Site "Shenzhen"]
[Date "2011.08.16"]
[Round "4"]
[White "Ibraheem, Delbak Ismael"]
[Black "Davletbayeva, Madina"]
[Result "0-1"]
[WhiteElo "1924"]
[BlackElo "2239"]
[PlyCount "73"]
[EventDate "2011.08.15"]
[EventType "swiss"]
[EventRounds "9"]
[EventCountry "CHN"]
[SourceTitle "CBM 143 Extra"]
[Source "ChessBase"]
[SourceDate "2011.08.29"]
[SourceVersion "1"]
[SourceVersionDate "2011.08.29"]
[SourceQuality "1"]

1. e4 Nf6 2. d3 e5 3. g3 Bc5 4. Nc3 0-0 5. Na4 Be7 6. Bg2 c6 7. Ne2 d5 8. 0-0 Bg4 9. h3 Be6 10. Nac3 Na6 11. Kh2 Qb6 12. Bg5 d4 13. Na4 Qc7 14. b3 Ng4+ 15. hxg4 Bxg5 16. Bh3 g6 17. Kg2 Qc8 18. Ng1 Bh6 19. f4 exf4 20. gxf4 f5 21. g5 Bg7 22. e5 b5 23. Nb2 Nb4 24. Qd2 Nd5 25. Nd1 b4 26. Kg3 h6 27. Nf3 c5 28. Rh1 hxg5 29. Nxg5 Bh6 30. Bg2 Bxg5 31. fxg5 Qc7 32. Bxd5 Bxd5 33. Rh6 Qxe5+ 34. Kf2 Kg7 35. Nb2 Rh8 36. Nc4 Bxc4 37. bxc4 0-1

[Event "Asia rap (Women) 16th"]
[Site "Guangzhou"]
[Date "2010.11.14"]
[Round "3"]
[White "Geldyeva, Mekhri"]
[Black "Ibraheem, Delbak Ismael"]
[Result "1-0"]
[WhiteElo "2279"]
[BlackElo "1929"]
[PlyCount "87"]
[EventDate "2010.11.13"]
[EventType "swiss"]
[EventRounds "9"]
[EventCountry "CHN"]
[SourceTitle "EXT 2011"]
[Source "ChessBase"]
[SourceDate "2010.11.26"]
[SourceVersion "1"]
[SourceVersionDate "2010.11.26"]
[SourceQuality "1"]

1. d4 Nf6 2. c4 g6 3. Nc3 Bg7 4. e4 d6 5. f3 0-0 6. Be3 Nc6 7. Nge2 a6 8. Qd2 Rb8 9. a4 e5 10. d5 Na5 11. Nc1 c5 12. Be2 Bd7 13. 0-0 Qb6 14. b3 Qd8 15. Rb1 b6 16. Bh6 Nb7 17. Bxg7 Kxg7 18. f4 Qe7 19. Nd3 exf4 20. Qxf4 Rbe8 21. Bf3 Ng8 22. Rbe1 f6 23. Bg4 Nd8 24. Bxd7 Qxd7 25. a5 Qc7 26. axb6 Qxb6 27. Rb1 Nf7 28. Qg3 Ne5 29. Nf4 Rf7 30. Ne6+ Kh8 31. Na4 Qb4 32. Nc3 Rfe7 33. Ne2 Qd2 34. N2f4 g5 35. Nh5 Rxe6 36. dxe6 Rxe6 37. Nf4 Re8 38. Nh5 Re6 39. Rbd1 Qc2 40. Qh3 Re7 41. Qc8 Qxe4 42. Qxg8+ Kxg8 43. Nxf6+ Kg7 44. Nxe4 1-0

[Event "Asia rap (Women) 16th"]
[Site "Guangzhou"]
[Date "2010.11.13"]
[Round "2"]
[White "Ibraheem, Delbak Ismael"]
[Black "Boshra, Alshaeby"]
[Result "1-0"]
[WhiteElo "1929"]
[BlackElo "1807"]
[PlyCount "102"]
[EventDate "2010.11.13"]
[EventType "swiss"]
[EventRounds "9"]
[EventCountry "CHN"]
[SourceTitle "EXT 2011"]
[Source "ChessBase"]
[SourceDate "2010.11.26"]
[SourceVersion "1"]
[SourceVersionDate "2010.11.26"]
[SourceQuality "1"]

1. e4 c5 2. Nc3 Nc6 3. f4 e6 4. Nf3 d5 5. Bb5 d4 6. Bxc6+ bxc6 7. Nb1 Nf6 8. d3 Be7 9. 0-0 Ba6 10. b3 Qc7 11. Na3 0-0 12. Ne5 Bb5 13. Nac4 a5 14. a4 Bxc4 15. Nxc4 Rfe8 16. Bd2 Bd8 17. Qe1 Qe7 18. Qd1 Qc7 19. Qe1 Qe7 20. Bxa5 Bxa5 21. Nxa5 Ng4 22. Nc4 Nf6 23. Qd2 Qc7 24. Rf3 Nd7 25. Raf1 f6 26. f5 Ne5 27. Nxe5 Qxe5 28. fxe6 Qxe6 29. Rf5 c4 30. Rb1 cxb3 31. cxb3 Reb8 32. Qc2 Rb6 33. Rc5 Rab8 34. Rc4 Qd6 35. a5 Ra6 36. b4 Rb5 37. Qb2 Raxa5 38. Rxd4 Qb8 39. Qb3+ Kh8 40. Qc4 Qb6 41. Rc1 Ra8 42. Kf1 Rc8 43. Ke2 f5 44. Rf1 fxe4 45. Rxe4 Rg5 46. g3 Rh5 47. h4 Ra8 48. Qf7 g6 49. Re8+ Rxe8+ 50. Qxe8+ Kg7 51. Rf7+ Kh6 1-0

[Event "Asia rap (Women) 16th"]
[Site "Guangzhou"]
[Date "2010.11.13"]
[Round "1"]
[White "Zhao, Xue"]
[Black "Ibraheem, Delbak Ismael"]
[Result "1-0"]
[WhiteElo "2474"]
[BlackElo "1929"]
[PlyCount "101"]
[EventDate "2010.11.13"]
[EventType "swiss"]
[EventRounds "9"]
[EventCountry "CHN"]
[SourceTitle "EXT 2011"]
[Source "ChessBase"]
[SourceDate "2010.11.26"]
[SourceVersion "1"]
[SourceVersionDate "2010.11.26"]
[SourceQuality "1"]

1. d4 Nf6 2. c4 g6 3. Nc3 Bg7 4. e4 d6 5. Nf3 0-0 6. Be2 e5 7. Be3 Nc6 8. d5 Ne7 9. Nd2 Ne8 10. c5 f5 11. f3 f4 12. Bf2 Nf6 13. Nc4 g5 14. cxd6 cxd6 15. Nb5 Ne8 16. Nxa7 Bd7 17. Nb6 Rb8 18. Qb3 Nc8 19. Nbxc8 Bxc8 20. Qb6 Bf6 21. Rc1 Bd7 22. Qxd8 Bxd8 23. Bb5 Rf7 24. Ke2 Bxb5+ 25. Nxb5 Rd7 26. h4 Kg7 27. hxg5 Bxg5 28. Rc4 Ra8 29. a4 Bd8 30. Rhc1 Kg6 31. b3 Rb8 32. Ba7 Ra8 33. Rc8 Rxc8 34. Rxc8 Nf6 35. Bb8 Be7 36. b4 Kf7 37. a5 Ne8 38. Na3 Rd8 39. Rxd8 Bxd8 40. Nc4 Ke7 41. b5 Kd7 42. a6 bxa6 43. bxa6 Kc8 44. a7 Kb7 45. Nxd6+ Nxd6 46. Bxd6 Kxa7 47. Bxe5 Bg5 48. Bd6 Kb7 49. e5 Kc8 50. e6 Kd8 51. Kd3 1-0